BUBT Library Online Catalog

রচনা সমগ্র : (Record no. 6498)

000 -LEADER
fixed length control field 00777nam a22001817a 4500
003 - CONTROL NUMBER IDENTIFIER
control field BUBTL
008 - FIXED-LENGTH DATA ELEMENTS--GENERAL INFORMATION
fixed length control field 210324b xxu||||| |||| 00| 0 eng d
020 ## - INTERNATIONAL STANDARD BOOK NUMBER
International Standard Book Number 984830920180
082 ## - DEWEY DECIMAL CLASSIFICATION NUMBER
Classification number 891.443 / C3927r
100 ## - MAIN ENTRY--PERSONAL NAME
9 (RLIN) 2158
Personal name চট্টোপাধ্যায়, বঙ্কিমচন্দ্র
245 ## - TITLE STATEMENT
Title রচনা সমগ্র :
Remainder of title প্রথম খণ্ড ( উপন্যাস সমগ্র ) /
Statement of responsibility, etc. বঙ্কিমচন্দ্র চট্টোপাধ্যায়
260 ## - PUBLICATION, DISTRIBUTION, ETC. (IMPRINT)
Place of publication, distribution, etc. ঢাকা :
Name of publisher, distributor, etc. বিশ্বসাহিত্য কেন্দ্র,
Date of publication, distribution, etc. c2021
300 ## - PHYSICAL DESCRIPTION
Extent 702 p. :
Dimensions 24 cm.
650 #0 - SUBJECT ADDED ENTRY--TOPICAL TERM
9 (RLIN) 1687
Topical term or geographic name as entry element বাংলা সাহিত্য
856 ## - ELECTRONIC LOCATION AND ACCESS
Password 0
Logon 0
Link text Download
942 ## - ADDED ENTRY ELEMENTS (KOHA)
Source of classification or shelving scheme
Koha item type Books
Holdings
Withdrawn status Lost status Source of classification or shelving scheme Damaged status Not for loan Collection code Permanent location Current location Shelving location Date acquired Source of acquisition Inventory number Total Checkouts Full call number Barcode Date last seen Date last checked out Copy number Price effective from Koha item type
          Fiction Bangladesh University of Business and Technology Library Bangladesh University of Business and Technology Library Fiction 10/12/2010 Purchase 8339 1 891.443 / C3927r BUBTL-20038339 06/20/2022 06/16/2022 C-1 03/24/2021 Books

More Information About Library

Library Hours

  • Open: 9.00 am. to 9.00 pm.
  • Only Sunday: 9.00 am. to 6.00 pm.
  • Closed: Holiday

Contact to the University

Bangladesh University of Business and Technology Library

  • Mirpurl-2, 1216.
  • Phone:
  • Fax:
  • E-Mail: admin.library@bubt.edu.bd

Contact to the Library

Contact Person:

Md. Abdul Hakim Shah
Joint Librarian
PABX No:  113
Cell No: 01816332931
E-mail: official: admin.library@bubt.edu.bd
Personal: hakim.shah@bubt.edu.bd


BUBT Library

Copyright © 2021